000 00330nam a2200145Ia 4500
008 191201s2011 xx 000 0 und d
082 _a658.83
_bJAB
100 _aJAIN,T.R
245 0 _aBusiness Statistics
250 _a1st
260 _aN.Delhi
_bV K Enterprises
_c2011
300 _aMisc
650 _aBBA
942 _2ddc
_cBK
_04
999 _c4851
_d4851